000 00932nam a2200277 i 4500
003 DO-SdBNP
005 20260508131242.0
007 ta
008 260508b2025 dr a|||| |||| 00| 0 spa d
020 _a9789945528138
040 _aDO-SdBNP
_bspa
_cBNPHU
_erda
041 _aspa
082 4 _axxx
_bL869c
_222
100 _aLorenzo, Ameli,
_eautor
_4aut.
_989505
245 1 0 _aComo la oruga y la mariposa /
_cAmeli Cordero ; redacción, Aurelia Castillo ; corrección, Dania Victoria Figueroa
264 4 _aSanto Domingo :
_bCoalición Cultural y Literaria,
_c©2025.
300 _a116 páginas ;
_c22 cm.
336 _atexto
_btxt
_2rdacontent
337 _asin mediación
_bn
_2rdamedia
338 _avolumen
_bnc
_2rdacarrier
590 _aInventariado, 2026/BT
700 1 _aCastillo, Aurelia,
_eredactor
_4red.
_976355
700 1 _aFigueroa, Dania Victoria,
_ecorrector
_4corr.
_987015
910 _aBtavárez
942 _2ddc
_cLBS1
999 _c60693
_d60693